000 nam a22 a 4500
999 _c48979
_d48979
003 BLK
005 20221201172639.0
008 180408b bul|||||r ||||||| ||bul||
010 _aKNG00052799000
040 _aBLK
041 _aBUL
_cBUL
080 _aУругвайска литература
_b821.134.2(899)
_x-31
_z821.134.2(899)-31
100 1 _aГалеано, Едуардо
_eпърви автор
_950746
139 _aГалеано, Едуардо
_bГ 18
245 1 0 _aНашата песен
_bРоман
_cЕдуардо Галеано; прев. от исп. Корнелия Стефанова Дарева; * Корнелия Стефанова Великова-Дарева
257 _aURG
260 _aСофия
_bПрофиздат
_c1979
300 _a200 с.
_c20 см
380 _aX
500 _aОриг. загл. La cancion de nosotros. - Прев. известна като Корнелия Стефанова Великова-Дарева.
700 1 _aДарева, Корнелия Стефанова
_eпрев. от исп.
_9368366
700 1 _aВеликова-Дарева, Корнелия Стефанова
_e*
_9366366
852 _aЦб 96461
_bЦб
856 4 _qpdf
_i0.00
_ldisable
942 _cKNG
_n0
_02
_s1
944 _aCR
_c12.09.2016
_kКети_Илиева
944 _aED
_c12.09.2016
_kКети_Илиева